<?xml version="1.0" encoding="UTF-8"?>
<record
    xmlns:xsi="http://www.w3.org/2001/XMLSchema-instance"
    xsi:schemaLocation="http://www.loc.gov/MARC21/slim http://www.loc.gov/standards/marcxml/schema/MARC21slim.xsd"
    xmlns="http://www.loc.gov/MARC21/slim">

  <leader>00790nam a22002297a 4500</leader>
  <controlfield tag="005">20131030113713.0</controlfield>
  <datafield tag="010" ind1=" " ind2=" ">
    <subfield code="a">B-495498-504</subfield>
  </datafield>
  <datafield tag="020" ind1=" " ind2=" ">
    <subfield code="a">9789350249260</subfield>
    <subfield code="c">650.00</subfield>
  </datafield>
  <datafield tag="035" ind1=" " ind2=" ">
    <subfield code="a">B-495498-504</subfield>
  </datafield>
  <datafield tag="037" ind1=" " ind2=" ">
    <subfield code="b">HPH/Ven</subfield>
    <subfield code="a">dpl</subfield>
  </datafield>
  <datafield tag="082" ind1=" " ind2=" ">
    <subfield code="a">921</subfield>
  </datafield>
  <datafield tag="245" ind1=" " ind2=" ">
    <subfield code="a">Maulana Abul Kalam Azad /</subfield>
    <subfield code="c">edited by B.D. Usmani, M.A. Shewan [and] Anil Saxena</subfield>
  </datafield>
  <datafield tag="260" ind1=" " ind2=" ">
    <subfield code="a">Mumbai</subfield>
    <subfield code="b">Himalaya Publishing House</subfield>
    <subfield code="c">2011</subfield>
  </datafield>
  <datafield tag="270" ind1=" " ind2=" ">
    <subfield code="a">Ramdoot Dr. Bhalerao Marg, Girgaon</subfield>
    <subfield code="b">Mumbai</subfield>
    <subfield code="e">400004</subfield>
  </datafield>
  <datafield tag="300" ind1=" " ind2=" ">
    <subfield code="a">338p. </subfield>
    <subfield code="c">20cm(Hb)</subfield>
  </datafield>
  <datafield tag="500" ind1=" " ind2=" ">
    <subfield code="a">includes index and bibliographical references</subfield>
  </datafield>
  <datafield tag="700" ind1=" " ind2=" ">
    <subfield code="a">Usmani, B.D.</subfield>
  </datafield>
  <datafield tag="710" ind1=" " ind2=" ">
    <subfield code="a">Shewan, M.A.</subfield>
  </datafield>
  <datafield tag="710" ind1=" " ind2=" ">
    <subfield code="a">Saxena, Anil</subfield>
  </datafield>
  <datafield tag="942" ind1=" " ind2=" ">
    <subfield code="2">ddc</subfield>
    <subfield code="c">EN</subfield>
    <subfield code="m">MAU</subfield>
    <subfield code="h">921</subfield>
  </datafield>
  <datafield tag="999" ind1=" " ind2=" ">
    <subfield code="c">79592</subfield>
    <subfield code="d">79592</subfield>
  </datafield>
  <datafield tag="952" ind1=" " ind2=" ">
    <subfield code="0">0</subfield>
    <subfield code="1">0</subfield>
    <subfield code="4">0</subfield>
    <subfield code="7">0</subfield>
    <subfield code="8">NFIC</subfield>
    <subfield code="a">L</subfield>
    <subfield code="b">L</subfield>
    <subfield code="d">2013-10-30</subfield>
    <subfield code="e">HPH/A443489/09.03.2013/170/09.03.2013/15.03.2013</subfield>
    <subfield code="g">650.00</subfield>
    <subfield code="l">1</subfield>
    <subfield code="o">921 MAU</subfield>
    <subfield code="p">B-495498</subfield>
    <subfield code="r">2019-01-31 00:00:00</subfield>
    <subfield code="s">2019-01-17</subfield>
    <subfield code="t">1</subfield>
    <subfield code="v">650.00</subfield>
    <subfield code="y">EN</subfield>
  </datafield>
  <datafield tag="952" ind1=" " ind2=" ">
    <subfield code="0">0</subfield>
    <subfield code="1">0</subfield>
    <subfield code="4">0</subfield>
    <subfield code="7">0</subfield>
    <subfield code="8">NFIC</subfield>
    <subfield code="a">BL1</subfield>
    <subfield code="b">BL1</subfield>
    <subfield code="d">2013-10-30</subfield>
    <subfield code="e">HPH/A443489/09.03.2013/170/09.03.2013/15.03.2013</subfield>
    <subfield code="g">650.00</subfield>
    <subfield code="l">1</subfield>
    <subfield code="m">1</subfield>
    <subfield code="o">921 MAU</subfield>
    <subfield code="p">B-495499</subfield>
    <subfield code="r">2018-10-24 00:00:00</subfield>
    <subfield code="s">2018-09-28</subfield>
    <subfield code="t">1</subfield>
    <subfield code="v">650.00</subfield>
    <subfield code="y">EN</subfield>
  </datafield>
  <datafield tag="952" ind1=" " ind2=" ">
    <subfield code="0">0</subfield>
    <subfield code="1">0</subfield>
    <subfield code="4">0</subfield>
    <subfield code="7">0</subfield>
    <subfield code="8">NFIC</subfield>
    <subfield code="a">KGM</subfield>
    <subfield code="b">KGM</subfield>
    <subfield code="d">2013-10-30</subfield>
    <subfield code="e">HPH/A443489/09.03.2013/170/09.03.2013/15.03.2013</subfield>
    <subfield code="g">650.00</subfield>
    <subfield code="l">0</subfield>
    <subfield code="o">921 MAU</subfield>
    <subfield code="p">B-495500</subfield>
    <subfield code="r">2013-10-30 00:00:00</subfield>
    <subfield code="t">1</subfield>
    <subfield code="v">650.00</subfield>
    <subfield code="y">EN</subfield>
  </datafield>
  <datafield tag="952" ind1=" " ind2=" ">
    <subfield code="0">0</subfield>
    <subfield code="1">0</subfield>
    <subfield code="4">0</subfield>
    <subfield code="7">0</subfield>
    <subfield code="8">NFIC</subfield>
    <subfield code="a">PR</subfield>
    <subfield code="b">PR</subfield>
    <subfield code="d">2013-10-30</subfield>
    <subfield code="e">HPH/A443489/09.03.2013/170/09.03.2013/15.03.2013</subfield>
    <subfield code="g">650.00</subfield>
    <subfield code="l">0</subfield>
    <subfield code="o">921 MAU</subfield>
    <subfield code="p">B-495501</subfield>
    <subfield code="r">2013-10-30 00:00:00</subfield>
    <subfield code="t">1</subfield>
    <subfield code="v">650.00</subfield>
    <subfield code="y">EN</subfield>
  </datafield>
  <datafield tag="952" ind1=" " ind2=" ">
    <subfield code="0">0</subfield>
    <subfield code="1">0</subfield>
    <subfield code="4">0</subfield>
    <subfield code="7">0</subfield>
    <subfield code="8">NFIC</subfield>
    <subfield code="a">JP</subfield>
    <subfield code="b">JP</subfield>
    <subfield code="d">2013-10-30</subfield>
    <subfield code="e">HPH/A443489/09.03.2013/170/09.03.2013/15.03.2013</subfield>
    <subfield code="g">650.00</subfield>
    <subfield code="l">3</subfield>
    <subfield code="o">921 MAU</subfield>
    <subfield code="p">B-495502</subfield>
    <subfield code="r">2015-08-18 00:00:00</subfield>
    <subfield code="s">2015-08-18</subfield>
    <subfield code="t">1</subfield>
    <subfield code="v">650.00</subfield>
    <subfield code="y">EN</subfield>
  </datafield>
  <datafield tag="952" ind1=" " ind2=" ">
    <subfield code="0">0</subfield>
    <subfield code="1">0</subfield>
    <subfield code="4">0</subfield>
    <subfield code="7">0</subfield>
    <subfield code="8">NFIC</subfield>
    <subfield code="a">BL3</subfield>
    <subfield code="b">BL3</subfield>
    <subfield code="d">2013-10-30</subfield>
    <subfield code="e">HPH/A443489/09.03.2013/170/09.03.2013/15.03.2013</subfield>
    <subfield code="g">650.00</subfield>
    <subfield code="l">0</subfield>
    <subfield code="o">921 MAU</subfield>
    <subfield code="p">B-495503</subfield>
    <subfield code="r">2013-10-30 00:00:00</subfield>
    <subfield code="t">1</subfield>
    <subfield code="v">650.00</subfield>
    <subfield code="y">EN</subfield>
  </datafield>
  <datafield tag="952" ind1=" " ind2=" ">
    <subfield code="0">0</subfield>
    <subfield code="1">0</subfield>
    <subfield code="4">0</subfield>
    <subfield code="7">0</subfield>
    <subfield code="8">NFIC</subfield>
    <subfield code="a">NR</subfield>
    <subfield code="b">NR</subfield>
    <subfield code="d">2013-10-30</subfield>
    <subfield code="e">HPH/A443489/09.03.2013/170/09.03.2013/15.03.2013</subfield>
    <subfield code="g">650.00</subfield>
    <subfield code="l">0</subfield>
    <subfield code="o">921 MAU</subfield>
    <subfield code="p">B-495504</subfield>
    <subfield code="r">2013-10-30 00:00:00</subfield>
    <subfield code="t">1</subfield>
    <subfield code="v">650.00</subfield>
    <subfield code="y">EN</subfield>
  </datafield>
</record>
